|
|
|
|
| LEADER |
00897nam a22002297a 4500 |
| 001 |
AAL9740 |
| 003 |
BD-DhAAL |
| 005 |
20181204094204.0 |
| 008 |
181204m20082017B ||||| |||| 00| 0 B d |
| 999 |
|
|
|c 40316
|d 40316
|
| 020 |
|
|
|a 984701641125
|
| 040 |
|
|
|a BD-DhAAL
|c BD-DhAAL
|
| 082 |
|
|
|a 891.441
|
| 100 |
|
|
|a হিলালী, মাহফুজা
|9 29118
|
| 245 |
|
|
|a স্বীয় সঙ্গোপনে /
|c মাহফুজা হিলালী
|
| 260 |
|
|
|a ঢাকা :
|b রাবেয়া বুকস,
|c ২০১৭
|
| 300 |
|
|
|a ৪৭ পৃ. ;
|c ২৪ সেমি.
|
| 541 |
|
|
|e 9740
|
| 650 |
|
|
|a Bengali poetry
|9 29119
|
| 852 |
|
|
|a Savar Campus Library
|c General Shelf
|
| 942 |
|
|
|2 ddc
|c BK
|
| 952 |
|
|
|0 0
|1 0
|2 ddc
|4 0
|6 891_441000000000000_HIL
|7 0
|9 64734
|a SCL
|b SCL
|c GEN
|d 2018-12-04
|e Gift: Hilali
|g 100.00
|l 1
|o 891.441 HIL
|p 3020009740
|r 2025-02-25
|s 2019-03-14
|t 1
|w 2018-12-04
|y BK
|